000 00787nam a2200265 a 4500
001 24403
003 CO-ViMGA
008 141112s2004 ck r 000 u spa d
020 _a9789588445274
040 _aCO-ViMGA
_bspa
_cCO-ViMGA
041 _aSPA
090 _aA ROD5
100 1 _aRodríguez, Idana
245 1 0 _aCosas azules /
_ctexto, ilustraciones y diseño Idana Rodríguez
250 _a1a reimpr.
260 _aMaracay :
_bPlayco,
_c2004
300 _a14 p. : il. col. : il.
650 1 4 _aCOLORES - LIBROS DE IMAGENES
_935950
650 1 4 _aDESDE LOS 6 MESES
_935951
650 1 4 _aLEER ES MI CUENTO - COLECCION 2011
_935952
650 1 4 _aLIBROS DE IMAGENES
_929438
651 _aBEBES - LIBROS DE IMAGENES
_935953
700 1 _aRodríguez, Idana
942 _2ddc
_cBK
999 _c2300
_d2300